| 000 | 00932nam a2200241 i 4500 | ||
|---|---|---|---|
| 001 | 141364 | ||
| 003 | ES-MaACL | ||
| 005 | 20230906200258.0 | ||
| 007 | t| | ||
| 008 | 070921s1973 sp ||||1| spa d | ||
| 080 | _a728.11(063) | ||
| 245 | 0 | 3 |
_aLa vivienda racional _b: ponencias de los congresos CIAM 1929-1930 / _cAymonio ; [versión de J. F. Chico, J. M. Marco, J. C. Theilacker]. |
| 260 |
_aBarcelona : _bGustavo Gili, _c[1973] |
||
| 300 |
_a313 p. : _bil. ; _c21 cm. |
||
| 650 |
_aViviendas- _xDiseño y construcción. _9136999 |
||
| 700 | 1 |
_aAymonino, Carlo. _924184 |
|
| 700 | 1 |
_aChico, J. F. _938487 |
|
| 700 | 1 |
_aMarco, J. M. _976464 |
|
| 700 | 1 |
_aTheilacker, J. C. _9109890 |
|
| 711 | 2 |
_aCongreso Internacional de Arquitectura Moderna ( _n4º. _d1930. _cBruselas) _9412 |
|
| 711 | 2 |
_aCongreso Internacional de Arquitectura Moderna ( _n2º. _d1929. _cFrankfurt am Main) _9411 |
|
| 852 |
_aES-MaACL _jC-54043 _bR.86914 |
||
| 999 |
_c141364 _d141364 |
||